Food and nutrition security: an exercise in locating ground-truth among tribals (Record no. 116401)

000 -LEADER
fixed length control field 00468pab a2200181 454500
008 - FIXED-LENGTH DATA ELEMENTS--GENERAL INFORMATION
fixed length control field 180718b2017 xxu||||| |||| 00| 0 eng d
100 ## - MAIN ENTRY--PERSONAL NAME
Personal name Tagade, Nitin
245 ## - TITLE STATEMENT
Title Food and nutrition security: an exercise in locating ground-truth among tribals
260 ## - PUBLICATION, DISTRIBUTION, ETC.
Date of publication, distribution, etc. 2017
300 ## - PHYSICAL DESCRIPTION
Extent p.214-227.
362 ## - DATES OF PUBLICATION AND/OR SEQUENTIAL DESIGNATION
Dates of publication and/or sequential designation Jul-Sep
650 ## - SUBJECT ADDED ENTRY--TOPICAL TERM
Topical term or geographic name entry element Tribes
650 ## - SUBJECT ADDED ENTRY--TOPICAL TERM
Topical term or geographic name entry element Nutrition
650 ## - SUBJECT ADDED ENTRY--TOPICAL TERM
Topical term or geographic name entry element Food supply
700 ## - ADDED ENTRY--PERSONAL NAME
Personal name Deshpande, R.S.
773 ## - HOST ITEM ENTRY
Main entry heading Productivity
909 ## -
-- 116407
Holdings
Withdrawn status Lost status Damaged status Not for loan Permanent Location Current Location Date acquired Serial Enumeration / chronology Barcode Date last seen Price effective from Koha item type
        Indian Institute of Public Administration Indian Institute of Public Administration 2018-07-19 Volume no: 58, Issue no: 2 AR116867 2018-07-19 2018-07-19 Articles

Powered by Koha